Statistics for Artists Produced For: Metro Boomin

Click here to take the quiz!

General Stats

  • This quiz has been taken 96 times
  • The average score is 8 of 48

Answer Stats

#Artist% Correct
4521 Savage
96%
5Future
85%
10Travis Scott
81%
23Offset
60%
6Gunna
54%
5The Weeknd
49%
3Lil Uzi Vert
41%
1Nav
36%
1Lil B
32%
13Big Sean
31%
1Lil Baby
30%
6Gucci Mane
27%
1Post Malone
27%
1Lil Wayne
22%
4Young Nudy
22%
1DaBaby
12%
2Nicki Minaj
11%
2James Blake
10%
1Rae Sremmurd
10%
2French Montana
6%
1Lil Keed
6%
1Rich the Kid
5%
1Belly
4%
1Rich Homie Quan
4%
3Hoodrich Pablo Juan
2%
1Kourtney Money
2%
1Pusha T
2%
1Ty Dolla $ign
2%
2Yo Gotti
2%
2Beatking
1%
1Block 125
1%
3Bricc Baby Shitro
1%
2Casino
1%
1Curren$y
1%
2Doe B
1%
1Drug Rixh Peso
1%
1King Monte Carlo
1%
1Lecrae
1%
1Lil Jay Brown
1%
3Ludacris
1%
3Nephew Texas Boy
1%
1Shy Glizzy
1%
1Solange
1%
1Starlito
1%
1Thompson Twins
1%
2Uncle Murda
1%
1Young Scooter
1%
2Zach Farlow
1%

Score Distribution

Percentile by Number Answered

Percent of People with Each Score

Your Score History

You have not taken this quiz